00500nam a22001337a 4500082001700000100002700017245017600044264005000220300002100270520001100291650001800302650001500320700003100335 a621.312bHAM aHamza Mahmood (329043) aNonlinear Adaptive Barrier Integral Super Twisting Sliding Mode Control of Hybrid Energy Systems in Ship DC Microgrid: Modelling, Management, and Experimental Validation / aIslamabad :bUSPCAS-E, NUSTcSeptember, 2024. axiii, 50 p.e+CD aTH-582 aMS EEP Thesis aMS Thesis aDr. Hassan Abdullah Khalid